000 00434nam a2200181Ia 4500
001 17656
005 20260306171533.0
008 260306s9999||||xx |||||||||||||| ||und||
041 _aESP
082 _a658.15
_bA77
100 _aArroyo-Gordillo, Pedro
_eAUT
245 0 _aFinanzas empresariales:
_benfoque práctico
260 _c2020
300 _apágs. :
_ccm.
650 _aGEN
654 _aCAN
942 _cLIB
_dJUS
_fJUS
_2ddc
_n
999 _c17656
_d17656